000 01466cam a2200349 a 4500
001 16952581
003 FISKH
005 20230207085301.0
008 110908s2012 nyu c 000 1 eng
010 _a 2011026178
020 _a9780545806909
040 _aDLC
_cDLC
_dFISKH
042 _alcac
_apcc
050 0 0 _aPZ7
_b.H5977325 Wh 2012
082 0 0 _a813.6
100 1 _aHiranandani, Veera.
245 1 4 _aThe whole story of half a girl /
_cVeera Hiranandani.
260 _aNew York
_bScholastic
_c2014
300 _a211 p. ;
_c20 cm.
520 _aWhen Sonia's father loses his job and she must move from her small, supportive private school to a public middle school, the half-Jewish half-Indian sixth-grader experiences culture shock as she tries to navigate the school's unfamiliar social scene, and after her father is diagnosed with clinical depression, she finds herself becoming even more confused about herself and her family.
521 _a730
_bLexile
521 _a T
_bRaz-Paz
650 1 _aComing of age
_vFiction.
650 1 _aRacially mixed people
_vFiction.
650 1 _aDepression, Mental
_vFiction.
650 1 _aMiddle schools
_vFiction.
650 1 _aSchools
_vFiction.
650 1 _aEast Indian Americans
_vFiction.
906 _a0
_bvip
_corignew
_d1
_eecip
_f20
_gy-gencatlg
942 _2lcc
_cBK
_n0
999 _c26
_d26